| 000 -LEADER |
| fixed length control field |
03787cam a2200445 i 4500 |
| 001 - CONTROL NUMBER |
| control field |
21146949 |
| 005 - DATE AND TIME OF LATEST TRANSACTION |
| control field |
20220825114502.0 |
| 008 - FIXED-LENGTH DATA ELEMENTS--GENERAL INFORMATION |
| fixed length control field |
190730s2020 nyuaf b 001 0deng |
| 010 ## - LIBRARY OF CONGRESS CONTROL NUMBER |
| LC control number |
2019029679 |
| 020 ## - INTERNATIONAL STANDARD BOOK NUMBER |
| International Standard Book Number |
9780385542586 |
| Qualifying information |
(hardcover) |
| 020 ## - INTERNATIONAL STANDARD BOOK NUMBER |
| International Standard Book Number |
9780525433897 |
| Qualifying information |
(paperback) |
| 020 ## - INTERNATIONAL STANDARD BOOK NUMBER |
| Canceled/invalid ISBN |
9780385542593 |
| Qualifying information |
(ebook) |
| 038 ## - RECORD CONTENT LICENSOR |
| Staff Name |
Azhar |
| 040 ## - CATALOGING SOURCE |
| Original cataloging agency |
LBSOR/DLC |
| Language of cataloging |
eng |
| Description conventions |
rda |
| Transcribing agency |
DLC |
| Modifying agency |
DLC |
| 042 ## - AUTHENTICATION CODE |
| Authentication code |
pcc |
| 050 00 - LIBRARY OF CONGRESS CALL NUMBER |
| Classification number |
BS2970 |
| Item number |
.S235 2020 |
| 082 00 - DEWEY DECIMAL CLASSIFICATION NUMBER |
| Classification number |
229.8 |
| Edition number |
23 |
| 100 1# - MAIN ENTRY--PERSONAL NAME |
| Personal name |
Sabar, Ariel, |
| Relator term |
author. |
| 9 (RLIN) |
93602 |
| 245 10 - TITLE STATEMENT |
| Title |
Veritas : |
| Remainder of title |
a Harvard professor, a con man, and the Gospel of Jesus's Wife / |
| Statement of responsibility, etc. |
Ariel Sabar. |
| 250 ## - EDITION STATEMENT |
| Edition statement |
First edition. |
| 260 ## - PUBLICATION, DISTRIBUTION, ETC. |
| Place of publication, distribution, etc. |
New York : |
| Name of publisher, distributor, etc. |
Doubleday, |
| Date of publication, distribution, etc. |
2020 |
| 300 ## - PHYSICAL DESCRIPTION |
| Extent |
xii, 401 pages, 12 unnumbered pages of plates : |
| Other physical details |
illustrations (some color) ; |
| Dimensions |
25 cm |
| 336 ## - CONTENT TYPE |
| Content type term |
text |
| Content type code |
txt |
| Source |
rdacontent |
| 337 ## - MEDIA TYPE |
| Media type term |
unmediated |
| Media type code |
n |
| Source |
rdamedia |
| 338 ## - CARRIER TYPE |
| Carrier type term |
volume |
| Carrier type code |
nc |
| Source |
rdacarrier |
| 504 ## - BIBLIOGRAPHY, ETC. NOTE |
| Bibliography, etc. note |
Includes bibliographical references (pages 381-385) and index. |
| 505 0# - FORMATTED CONTENTS NOTE |
| Formatted contents note |
Act 1, discovery -- Act 2, doubt -- Act 3, proofs -- Act 4, the stranger -- Act 5, the downturned book of revelations. |
| 520 ## - SUMMARY, ETC. |
| Summary, etc. |
"In 2012, Dr. Karen King, a star professor at the Harvard Divinity School, announced a blockbuster discovery at a scholarly conference just steps from the Vatican: She had found an ancient fragment of papyrus in which Jesus calls Mary Magdalene "my wife." The discovery made front-page news around the world--if early Christians believed that Jesus was married, it would threaten not just the celibate, all-male priesthood, but the entire the 2,000-year history of the faith. Biblical scholars were in an uproar, but King had impeccable credentials as a world-renowned authority on female figures in the Gnostic gospels. The "Gospel of Jesus's Wife," as she titled her discovery, was both a crowning career achievement and powerful proof for her arguments that there were alternative, and much more inclusive, versions of Christianity from its beginnings. Assigned to write a story about King's find, award-winning journalist Ariel Sabar began to unearth disquieting questions about the papyrus. His globe-spanning investigation would lead to a rural hamlet in inland Florida, where he discovered a college dropout with a prophetess wife, a curious past in Germany, and a tortured relationship with the Catholic Church. The deeper Sabar dug into the mysteries of the "Gospel of Jesus's Wife," the more surreal the story became. VERITAS is at once a surprising detective story, a fascinating journey through the rarefied worlds of Biblical Studies and Egyptology, a piercing psychological portrait of a many-faced con artist, and a tragedy about a brilliant scholar handed a piece of ancient paper that appealed to her greatest hopes for Christianity--but forced a reckoning with fundamental questions about the line between reason and faith"-- |
| Assigning source |
Provided by publisher. |
| 563 ## - BINDING INFORMATION |
| Binding note |
HB |
| 600 10 - SUBJECT ADDED ENTRY--PERSONAL NAME |
| Personal name |
King, Karen L., |
| Dates associated with a name |
1954- |
| 9 (RLIN) |
93603 |
| 600 00 - SUBJECT ADDED ENTRY--PERSONAL NAME |
| Personal name |
Jesus Christ |
| General subdivision |
Words |
| -- |
Extra-canonical parallels. |
| 9 (RLIN) |
93604 |
| 630 00 - SUBJECT ADDED ENTRY--UNIFORM TITLE |
| Uniform title |
Gospel of Jesus's Wife |
| General subdivision |
Manuscripts (Papyri) |
| -- |
Forgeries. |
| 9 (RLIN) |
93605 |
| 650 #0 - SUBJECT ADDED ENTRY--TOPICAL TERM |
| Topical term or geographic name entry element |
Coptic manuscripts (Papyri) |
| General subdivision |
Forgeries. |
| 9 (RLIN) |
93606 |
| 650 #0 - SUBJECT ADDED ENTRY--TOPICAL TERM |
| Topical term or geographic name entry element |
Forgery of antiquities. |
| 9 (RLIN) |
93607 |
| 650 #0 - SUBJECT ADDED ENTRY--TOPICAL TERM |
| Topical term or geographic name entry element |
Forgery of manuscripts. |
| 9 (RLIN) |
93608 |
| 776 08 - ADDITIONAL PHYSICAL FORM ENTRY |
| Relationship information |
Online version: |
| Main entry heading |
Sabar, Ariel. |
| Title |
Veritas. |
| Edition |
First edition. |
| Place, publisher, and date of publication |
New York : Doubleday, a division of Penguin Random House LLC, [2019] |
| International Standard Book Number |
9780385542593 |
| Record control number |
(DLC) 2019029680 |
| 906 ## - LOCAL DATA ELEMENT F, LDF (RLIN) |
| a |
7 |
| b |
cbc |
| c |
orignew |
| d |
1 |
| e |
ecip |
| f |
20 |
| g |
y-gencatlg |
| 942 ## - ADDED ENTRY ELEMENTS (KOHA) |
| Source of classification or shelving scheme |
|
| Koha item type |
Lincoln Corner |